Semi annual report 2002 MATRADE Cologne.
| Corporate Author: | |
|---|---|
| Format: | Book |
| Published: |
Cologne:
MATRADE,
2002.
|
| Subjects: |
| LEADER | 00478cam a2200145 7i4500 | ||
|---|---|---|---|
| 001 | 0000013148 | ||
| 005 | 20031230090000.0 | ||
| 090 | 0 | 0 | |a MAT 380.1 |b MAL GERM 380.1 |b MAL |
| 110 | 2 | 0 | |a Malaysia External Trade Development Corporation (MATRADE) |
| 245 | 0 | 0 | |a Semi annual report 2002 MATRADE Cologne. |
| 260 | 0 | 0 | |a Cologne: |b MATRADE, |c 2002. |
| 300 | # | # | |a [n.p]. |
| 650 | 0 | 0 | |a MATRADE -- |x Annual report -- |z Germany |
| 651 | 0 | 0 | |a Germany |
| 999 | |a 0000015025 |b Book |c Book |e Business Information Centre | ||